الرجال من المريخ، النساء من الزهرة : (Record no. 17435)
[ view plain ]
| 000 -الفاتح | |
|---|---|
| حقل البيانات ثابتة الطول | 00955cam a22002294a 4500 |
| 008 - عناصر البيانات ثابتة الطول - معلومات عامة | |
| حقل البيانات ثابتة الطول | 020417s2001 su g 000 0 ara d |
| 082 04 - رقم تصنيف ديوى العشرى | |
| رقم التصنيف | 301.427 |
| رقم الطبعة | 21 |
| رقم المادة | غ ر ا |
| 100 1# - المدخل الرئيسى - إسم شخصى | |
| الإسم الشخصى | غراي، جون. |
| 9 (RLIN) | 33085 |
| 245 #1 - بيان العنوان | |
| العنوان | الرجال من المريخ، النساء من الزهرة : |
| بقية العنوان | دليل عملي لتحسين الاتصال و الحصول على ما ترغب في علاقاتك / |
| بيان المسئوليه,etc | جون غراي ؛ ترجمة حمود الشريف. |
| 246 34 - العنوان الموازى | |
| عنوان صحيح/عنوان مختصر | Men are from mars women are from venus |
| 250 ## - بيان الطبعة | |
| بيان الطبعة | ط. 2. |
| 260 ## - PUBLICATION, DISTRIBUTION, ETC. (IMPRINT) | |
| مكان الناشر او الموزع | الرياض : |
| اسم الناشر او الموزع | مكتبة جرير، |
| تاريخ النشر أو التوزيع | 2007. |
| 300 ## - الوصف المادى | |
| التعداد | 402 ص. ؛ |
| أبعاد الوعاء | 21 سم. |
| 500 ## - تبصرة عامة | |
| تبصرة عامة | ط. 1. |
| 650 14 - المدخل الاضافى بالموضوع-مصطلح موضوعى | |
| مصطلح موضوعي أو اسم جغرافي كعنصر مدخل | الزواج. |
| 9 (RLIN) | 33086 |
| 650 14 - المدخل الاضافى بالموضوع-مصطلح موضوعى | |
| مصطلح موضوعي أو اسم جغرافي كعنصر مدخل | النجاح الشخصي. |
| 9 (RLIN) | 23916 |
| 650 14 - المدخل الاضافى بالموضوع-مصطلح موضوعى | |
| مصطلح موضوعي أو اسم جغرافي كعنصر مدخل | العلاقات الأسرية. |
| 9 (RLIN) | 17077 |
| 650 14 - المدخل الاضافى بالموضوع-مصطلح موضوعى | |
| مصطلح موضوعي أو اسم جغرافي كعنصر مدخل | المشاكل الاجتماعية. |
| 9 (RLIN) | 33087 |
| 653 ## - مصطلح تكشيفى غير مقيد | |
| Resource For college | |
| Arrived date list | April2013 |
| 700 #1 - المدخل الاضافى - اسم شخصى | |
| الإسم الشخصى | الشريف، حمود |
| الدور | مترجم. |
| 9 (RLIN) | 33088 |
| 942 ## - عناصر المدخل الإضافي( كوها) | |
| مصدر التصنيف او مخطط الترفيف | Dewey Decimal Classification |
| Koha [default] item type | Book - Borrowing |
| حالة التراجع | حالة الفقد | مصدر التصنيف او خطة الترفيف | حالة تلف | ليس للاعارة | مجموعات كوها | المكان الدائم | المكان الحالي | موقع الترفيف | تاريخ الاكتساب | Source of acquisition | سعر الشراء الطبيعي | رقم الاستدعاء | الباركود | Date last seen | مُعار | التكلفة | نوع الوعاء |
|---|---|---|---|---|---|---|---|---|---|---|---|---|---|---|---|---|---|
| Dewey Decimal Classification | سور الازبكية | Central Library | Central Library | First floor | 09/04/2013 | 15.00 | 301.427 غ ر ا | 000028680 | 15/07/2025 | 27/03/2022 | 19.00 | Book - Borrowing |